• 首页
  • 本馆介绍
  • 公告通知
  • 最新文献
  • 馆藏检索
  • 电子资源
  • 读者导购
  • 参考咨询
  • 我的图书馆
  • 登录
  • 详细信息显示
  • 放入我的书架
  • 预约/预借图书
  • 作者相关作品
  • 分类相关作品
  • 丛书相关作品
  • 出版社相关作品

书目信息

  • 表格格式
  • 工作单格式
  • 卡片格式
题名:
区域经济学通论
    
 
作者: 丁生喜 主编
分册:  
出版信息: 北京   中国经济出版社  2018.05
页数: 285页
开本: 26cm
丛书名:
单 册:
中图分类: F061.5
科图分类:
主题词: 区域经济学
电子资源:
ISBN: 978-7-5136-5172-1
000 01196nam0 2200265 450
001 1081
005 20180927112442.92
010    @a978-7-5136-5172-1@dCNY59.80
100    @a20180714d2018 em y0chiy50 ea
101 0  @achi
102    @aCN@b110000
105    @ay az 000yy
200 1  @a区域经济学通论@9qu yu jing ji xue tong lun@dGeneral theory of regional economics@f丁生喜主编@zeng
210    @a北京@c中国经济出版社@d2018.05
215    @a285页@d26cm
300    @a高等院校应用经济学与地理学精品教材 青海省高校第二轮“135高层次人才培养工程”项目成果 青海大学首批教学名师培养基项目成果 青海省精品课程建设成果 青海大学2017年度教材建设基金项目资助
314    @a丁生喜,教授,硕士研究生导师,在国家核心期刊发表区域经济相关学术论文30余篇,出版学术专著5部。
320    @a有书目
330    @a本书共9章,主要内容包括导论;区位论与区域空间的形成;区域经济增长与发展;区域产业结构;区域经济特征分析与发展模式;城市化与区域经济;区际分工与合作;区域经济政策与发展战略;经济区划与区域国土开发等。
510 1  @aGeneral theory of regional economics@zeng
606 0  @a区域经济学
690    @aF061.5@v5
701  0 @a丁生喜@9ding sheng xi@4主编
801  0 @aCN@b91MARC@c20180714
905    @aMuseLib@dF061.5@e166
    
    区域经济学通论=General theory of regional economics/丁生喜主编.-北京:中国经济出版社,2018.05
    285页;26cm
    高等院校应用经济学与地理学精品教材 青海省高校第二轮“135高层次人才培养工程”项目成果 青海大学首批教学名师培养基项目成果 青海省精品课程建设成果 青海大学2017年度教材建设基金项目资助
    
    ISBN 978-7-5136-5172-1:CNY59.80
    本书共9章,主要内容包括导论;区位论与区域空间的形成;区域经济增长与发展;区域产业结构;区域经济特征分析与发展模式;城市化与区域经济;区际分工与合作;区域经济政策与发展战略;经济区划与区域国土开发等。
●
相关链接 在E读中查询图书 在五车中查询图书 在当当中查询图书 在豆瓣中查询图书


正题名:区域经济学通论     索取号:F061.5/166         预约/预借

序号 登录号 条形码 馆藏地/架位号 状态 备注
1 1121079   211210795   第一样本阅览室/ [索取号:F061.5/166] 在馆    
2 1121080   211210802   密集书库-数信学院/ [索取号:F061.5/166] 在馆    
3 1121081   211210811   第一借阅区/ [索取号:F061.5/166] 在馆    
4 1121082   211210820   第一借阅区/ [索取号:F061.5/166] 在馆    
5 1121083   211210839   第一借阅区/ [索取号:F061.5/166] 在馆    
唐山师范学院图书馆 欢迎您!
大连网信软件有限公司© 版权所有